000 01784mam a2200289 a 4500
001 2322728
003 ARRUPE
005 20151028100824.0
008 981216s1999 nyu 000 1 eng
010 _a 98055127
020 _a0446525480
035 _a(OCoLC)ocm40538290
040 _aDLC
_cDLC
_dCLE
_dC#P
_dOrLoB-B
050 0 0 _aPR6073.I43273
_bA9 1999
082 0 0 _a823/.914
_221
100 1 _aWilliams, Niall,
_d1958-
_920592
245 1 0 _aAs it is in heaven /
_cNiall Williams.
260 _aLondon :
_bPicador,
_cc1999.
300 _a310 p. ;
_c20 cm.
520 1 _a"Stephen Griffin is a shy and lonely schoolteacher in the West of Ireland, and his father Philip is a tailor whose wife and daughter died tragically in a car crash fifteen years ago. While Stephen yearns for love and an escape from the monotony of the classroom, his father's only desire is to be reunited with his family in heaven. The appearance of Gabriella Castoldi, a spellbinding musician, turns Stephen's fairy tales into reality.
520 8 _aNow both men have a purpose: Stephen's to secure Gabriella's love and Philip's to help him in his task by making the best suit of his career. Stephen's journey to love and happiness is the greatest and most courageous of his life, as he desperately follows Gabriella to Venice and back again to the West of Ireland."--BOOK JACKET.
520 8 _a"As it is in Heaven is a life-affirming, sparkling tale of love and strength in the face of human tragedy. Filled with the coincidences and harsh vicissitudes of true life, it confirms Niall Williams as one of the outstanding storytellers of our day."--BOOK JACKET.
650 0 _aTeachers
_vFiction.
_920593
655 7 _aLove stories.
_2gsafd
_920594
900 _bTOC
942 _2lcc
_cMONOGRAPH
999 _c123627
_d123627